[Event "Evry op"]
[Site "Evry"]
[Date "2005.02.25"]
[Round "7"]
[White "Spitz, Patrick"]
[Black "Mazet, Julien"]
[Result "1/2-1/2"]
[WhiteElo "2179"]
[BlackElo "2216"]
[PlyCount "91"]
[EventDate "2005.03.12"]
[EventType "swiss"]
[EventRounds "9"]
[EventCountry "FRA"]
[SourceTitle "EXT 2006"]
[Source "ChessBase"]
[SourceDate "2005.11.24"]
[SourceVersion "1"]
[SourceVersionDate "2005.11.24"]
[SourceQuality "1"]

1. e4 c5 2. Nf3 d6 3. d4 cxd4 4. Nxd4 Nf6 5. Nc3 a6 6. g3 e6 7. Bg2 Be7 8. 0-0 0-0 9. a4 Qc7 10. a5 Nc6 11. Nb3 Nd7 12. Bf4 Rd8 13. Qe2 Bf6 14. Rfd1 Nce5 15. Bf1 b5 16. axb6 Nxb6 17. Na5 Rb8 18. Be3 Nc6 19. Nxc6 Qxc6 20. Bd4 Nd7 21. Bxf6 Nxf6 22. Qc4 Qxc4 23. Bxc4 Bb7 24. f3 g5 25. h3 Rdc8 26. Bb3 Rc6 27. Rd4 Kf8 28. Kf2 Bc8 29. Ra2 Ke7 30. Rc4 Rxc4 31. Bxc4 Rb6 32. b3 Nd7 33. f4 Rc6 34. Na4 gxf4 35. gxf4 Nc5 36. Ke3 Nxa4 37. Rxa4 Rc5 38. Kd4 a5 39. c3 Rh5 40. Bf1 Bd7 41. Ra2 Rc5 42. b4 axb4 43. cxb4 Rc1 44. Bd3 f6 45. Ra7 e5+ 46. fxe5 1/2-1/2

[Event "Evry op"]
[Site "Evry"]
[Date "2005.02.24"]
[Round "6"]
[White "Mazet, Julien"]
[Black "Maisuradze, Nino"]
[Result "1-0"]
[WhiteElo "2216"]
[BlackElo "2266"]
[PlyCount "87"]
[EventDate "2005.03.12"]
[EventType "swiss"]
[EventRounds "9"]
[EventCountry "FRA"]
[SourceTitle "EXT 2006"]
[Source "ChessBase"]
[SourceDate "2005.11.24"]
[SourceVersion "1"]
[SourceVersionDate "2005.11.24"]
[SourceQuality "1"]

1. d4 d5 2. Nf3 e6 3. c4 Nf6 4. cxd5 exd5 5. Nc3 c6 6. Bg5 Be7 7. Qc2 h6 8. Bh4 Ne4 9. Bxe7 Qxe7 10. Nxd5 cxd5 11. Qxc8+ Qd8 12. Qxd8+ Kxd8 13. Ne5 Nd6 14. e3 Nd7 15. Nxd7 Kxd7 16. Bd3 Rac8 17. Kd2 Nc4+ 18. Ke2 Rc7 19. b3 Nd6 20. Rhc1 Rhc8 21. Kd2 Ke6 22. Rxc7 Rxc7 23. Rc1 Rxc1 24. Kxc1 h5 25. h4 g6 26. Kd2 Ke7 27. f3 f5 28. Ke2 Kf6 29. Kf2 b6 30. Kg3 Ke6 31. Kf4 Kf6 32. g3 Nf7 33. e4 fxe4 34. fxe4 dxe4 35. Kxe4 g5 36. Kd5 gxh4 37. gxh4 Nd8 38. Kd6 Ne6 39. d5 Nf4 40. Be4 Ne2 41. Bf3 Nc1 42. Kc7 Nxa2 43. d6 Nc3 44. Bc6 1-0

[Event "Geneve op"]
[Site "Geneve"]
[Date "2005.01.24"]
[Round "3"]
[White "Mazet, Julien"]
[Black "Bergez, Luc"]
[Result "1-0"]
[WhiteElo "2216"]
[BlackElo "2371"]
[PlyCount "63"]
[EventDate "2005.01.22"]
[EventType "swiss"]
[EventRounds "9"]
[EventCountry "SUI"]
[SourceTitle "CBM 104 Extra"]
[Source "ChessBase"]
[SourceDate "2005.03.01"]
[SourceVersion "1"]
[SourceVersionDate "2005.03.01"]
[SourceQuality "1"]

1. d4 g6 2. e4 d6 3. Nc3 Bg7 4. Nf3 Nf6 5. Be2 0-0 6. 0-0 c6 7. a4 a5 8. h3 Qc7 9. Be3 e5 10. dxe5 dxe5 11. Bc4 h6 12. Qe2 Nh5 13. Rfd1 Nd7 14. Qd2 g5 15. Qd6 Qxd6 16. Rxd6 Re8 17. h4 g4 18. Nh2 Nhf6 19. Nf1 Bf8 20. Rd2 Bb4 21. Ng3 Nc5 22. f3 Kg7 23. Rdd1 gxf3 24. gxf3 Bxc3 25. bxc3 Nxa4 26. Rd6 Re7 27. Kf2 Ng8 28. Rd8 Rd7 29. Nf5+ Kh7 30. Rf8 Nxc3 31. Rg1 Nd1+ 32. Ke1 1-0

[Event "Geneve op"]
[Site "Geneve"]
[Date "2005.01.23"]
[Round "2"]
[White "Jagstaidt, Patrick"]
[Black "Mazet, Julien"]
[Result "0-1"]
[WhiteElo "2083"]
[BlackElo "2216"]
[PlyCount "50"]
[EventDate "2005.01.22"]
[EventType "swiss"]
[EventRounds "9"]
[EventCountry "SUI"]
[SourceTitle "CBM 104 Extra"]
[Source "ChessBase"]
[SourceDate "2005.03.01"]
[SourceVersion "1"]
[SourceVersionDate "2005.03.01"]
[SourceQuality "1"]

1. d4 Nf6 2. c4 g6 3. f3 d5 4. cxd5 Nxd5 5. e4 Nb6 6. a4 a5 7. Be3 Bg7 8. Na3 0-0 9. Rc1 e6 10. Bc4 Qh4+ 11. g3 Qe7 12. Bb3 Qb4+ 13. Kf2 Bd7 14. Rxc7 Bxa4 15. Bxa4 Nxa4 16. Ne2 Nc6 17. b3 Nb2 18. Qc2 Qxa3 19. Rxc6 bxc6 20. Rb1 Rab8 21. Rxb2 a4 22. b4 Rxb4 23. Rxb4 Qxb4 24. Qxc6 a3 25. d5 a2 0-1

[Event "FRA-chT Poule Basse"]
[Site "France"]
[Date "2003.05.08"]
[Round "9.8"]
[White "Mazet, Julien"]
[Black "Philippe, Christophe"]
[Result "1/2-1/2"]
[WhiteElo "2221"]
[BlackElo "2300"]
[PlyCount "108"]
[EventDate "2003.05.07"]
[EventType "team-tourn"]
[EventRounds "4"]
[EventCountry "FRA"]
[SourceTitle "CBM 095"]
[Source "ChessBase"]
[SourceDate "2003.07.25"]
[SourceVersion "1"]
[SourceVersionDate "2003.07.25"]
[SourceQuality "1"]
[WhiteTeam "Noyon"]
[BlackTeam "Nancy"]
[WhiteTeamCountry "FRA"]
[BlackTeamCountry "FRA"]

1. d4 g6 2. e4 Bg7 3. Nc3 c6 4. Nf3 d5 5. h3 dxe4 6. Nxe4 Nd7 7. Bc4 Ngf6 8. Qe2 0-0 9. 0-0 Qc7 10. Nxf6+ exf6 11. c3 Nb6 12. Bb3 Bd7 13. Be3 Rfe8 14. Qd2 Be6 15. Bh6 Nc4 16. Bxc4 Bxc4 17. Bxg7 Kxg7 18. Rfe1 Rxe1+ 19. Nxe1 Re8 20. Nd3 Qa5 21. Nc1 Qg5 22. Nb3 Re2 23. Qxg5 fxg5 24. Na5 Ba6 25. Rb1 Kf6 26. a4 Bd3 27. Rd1 Bc2 28. Rc1 Bxa4 29. Ra1 Bb5 30. Nxb7 Rxb2 31. Rxa7 Bc4 32. Nc5 Kg7 33. Ne4 Rc2 34. Nxg5 Rxc3 35. Nf3 Bd5 36. Ne5 Rc1+ 37. Kh2 Rd1 38. Ra6 Rc1 39. Ra7 h5 40. h4 Rd1 41. Ra4 Kf6 42. f3 Kf5 43. Kg3 c5 44. Ra7 cxd4 45. Nxf7 d3 46. Ra5 Ke6 47. Ng5+ Kd6 48. Ne4+ Bxe4 49. fxe4 d2 50. Rd5+ Ke6 51. Kf2 Ke7 52. Ke3 Kf6 53. Kf2 Re1 54. Rxd2 Rxe4 1/2-1/2